| 000 -ლიდერი |
| ფიქსირებული სიგრძის საკონტროლო ველი |
01063nam a2200193Ia 4500 |
| 001 - საკონტროლო ნომერი |
| საკონტროლო ველი |
4140 |
| 003 - საკონტროლო ნომრის იდენტიფიკატორი |
| საკონტროლო ველი |
GE_BSU |
| 005 - ბოლო ოპერაციის თარიღი და დრო |
| საკონტროლო ველი |
20190917172358.0 |
| 008 - ფიქსირებული სიგრძის მონაცემთა ელემენტები - ზოგადი ინფორმაცია |
| ფიქსირებული სიგრძის საკონტროლო ველი |
181216s1974||||ge |||||||||||||| ||geo|| |
| 040 ## - კატალოგიზაციის წყარო |
| Transcribing agency |
GE_BSU |
| 041 ## - ენის კოდი |
| Language code of text/sound track or separate title |
geo |
| 080 ## - უნივერსალური ათობითი კლასიფიკაციის ინდექსი |
| Universal Decimal Classification number |
39(479.22) ბ–26 |
| 100 ## - მთავარი ჩანაწერი - პიროვნების სახელი |
| Personal name |
ბარდაველიძე, ვ. |
| 9 (RLIN) |
4074 |
| 245 ## - ცნობა სათაურის შესახებ |
| Title |
აღმოსავლეთ საქართველოს მთიანეთის ტრადიციული საზოგადოებრივ–საკულტო ძეგლები : |
| Remainder of title |
3 ტომად. ტ.1 : ფშავი / |
| Statement of responsibility, etc |
ივ. ჯავახიშვილის სახ. ისტორიის, არქეოლოგიისა და ეთნოგრაფიის ინ-ტი; რედ. გ. ჩიტაია. |
| 264 ## - წარმოების, გამოცემის, დისტრიბუციის და სხვა ცნობები |
| გამოცემის, წარმოების, დისტრიბუციის... ადგილი |
თბ. : |
| გამოცემის, წარმოების, დისტრიბუციის... სახელწოდება |
მეცნიერება, |
| გამოცემის, წარმოების, დისტრიბუციის... თარიღი |
1974. |
| 300 ## - ფიზიკური აღწერა |
| Extent |
236 გვ.; |
| Other physical details |
26 სმ. |
| 653 ## - INDEX TERM--UNCONTROLLED |
| Uncontrolled term |
საკულტო ძეგლები აღმოსავლეთ საქართველოში |
| 942 ## - ADDED ENTRY ELEMENTS (KOHA) |
| Koha item type |
წიგნი |
| Source of classification or shelving scheme |
|